E-marketing

Bibliographic Details
Main Author: Strauss, Judy (Author)
Other Authors: Frost, Raymond
Format: Book
Language:English
Published: New Jersey : Prentice Hall 2000
Edition:Second Edition
Subjects:

MARC

LEADER 00000cam a2200000 7i4500
001 0000010287
005 20240918.0
008 030508 nju eng
020 |a 0130322644 
040 |a INS   |b eng   |e rda 
090 0 0 |a HF5415.1265   |b .S774 2000 
100 1 |a Strauss, Judy ,   |e author 
245 1 0 |a E-marketing   |c Judy Strauss, Raymond Frost 
250 |a Second Edition 
264 1 |a New Jersey :   |b Prentice Hall   |c 2000 
300 |a xxiii, 519 :   |b illustrations ;   |c 24 cm. 
336 |a text  |2 rdacontent 
337 |a unmediated  |2 rdamedia 
338 |a volume  |2 rdacarrier 
500 |a Includes index 
650 0 |a Internet marketing 
700 1 |a Frost, Raymond 
999 |a 0000008768   |b BOOK   |c Open Shelf   |e Default branch 
999 |a 0000010466   |b BOOK   |c Open Shelf   |e Default branch